000 00700nam a2200277Ia 4500
005 20260121124825.0
008 008 260114s9999 xx 000 0 eng d
020 _a9780674060838
037 _aEBOOK
040 _aCRL
040 _beng
040 _cCRL
041 _2eng
041 _aeng
084 _qCRL
100 _aBose, Sugata
_9982612
245 0 _aHis Majestys opponent: Subhas Chandra Bose and Indias Struggle against Empire
260 _bWalter de Gruyter
260 _bWalter de Gruyter
260 _c2010
650 _aHistory
_9982613
856 _uhttp://www.degruyter.com/isbn/9780674060838
942 _cEBOOK
999 _c1557405
_d1557405